Biblioteca

Salmos (Registro nro. 43823)

Detalles MARC
000 -LÍDER
Campo fijo de descripción fija 01332nam a22002897a 4500
001 - NÚMERO DE CONTROL
Campo de control 15007
003 - IDENTIFICADOR DEL NÚMERO DE CONTROL
Campo de control CO-MdFUSB
005 - FECHA Y HORA DE LA ULTIMA TRANSACCIÓN
control field 20170830093906.0
008 - ELEMENTOS DE LONGITUD FIJA -- INFORMACIÓN GENERAL
Campo fijo de descripción fija -- Información general 170830t2008 xxu||||| |||| 00| 0 s d
020 ## - NÚMERO INTERNACIONAL NORMALIZADO PARA LIBROS
Número Internacional Normalizado del libro 978-0-7586-0823-9 : 0-7586-0823-3 :
Linkage 0.000
040 ## - FUENTE DE CATALOGACIÓN
Agencia de catalogación original CO-MdFUSB
Idioma de catalogación spa
Agencia que realiza la transcripción CO-MdFUSB
Agencia que realiza la modificación CO-MdFUSBC
Convenciones de la descripción rda
041 0# - CÓDIGO DE IDIOMA
Código de idioma para texto/pista de sonido o título separado spa
082 04 - NÚMERO DE CLASIFICACIÓN DECIMAL DEWEY
Número de clasificación G 223.2 B6425b
100 1# - ASIENTO PRINCIPAL--NOMBRE PERSONAL
Nombre personal Blank, Rodolfo H.
Término relacionador autor
245 10 - TÍTULO
Título del Material Salmos
Parte restante del título - Subtitulo : una ventana al Antiguo Testamento y al Mesías
Mención de responsabilidad, etc. / Rodolofo H. Blank
264 #4 - PRODUCCIÓN, PUBLICACIÓN, DISTRIBUCIÓN, MANUFACTURA, Y COPYRIGHT
Lugar de producción, publicación, distribución, manufactura Estados Unidos :
Nombre del productor, publicador, distribuidor Concordia,
Fecha de producción, publicación, distribución, manufactura, o copyright ©2008
300 ## - DESCRIPCIÓN FÍSICA
Extensión 695 p.
336 ## - TIPO DE CONTENIDO
Fuente rdacontent
Término de tipo de contenido
Código de tipo de contenido
337 ## - TIPO DE MEDIO
Fuente rdamedia
Nombre del tipo de medio
Código del tipo de medio
338 ## - TIPO DE SOPORTE
Fuente rdacarrier
Nombre del tipo de soporte
Código Tipo de soporte
500 ## - NOTA GENERAL
Nota General Incluye índice de textos bíblicos
501 ## - NOTA DE “CON”
Nota de Contenido Encuadernado en rústico con pasta dura
505 00 - NOTA DE CONTENIDO
Nota de contenido con formato preestablecido Los salmos Tora -- Los salmos reales -- los salmos de entrada -- Los salmos mesiánicos -- los salmos penitenciales -- Los salmos de los hijos de Coré -- Los salmos que tratan de la creación del género humano -- Los salmos de los hijos de Asaf -- Los salmos marciales -- Los salmos del cuarto libro -- Un lamento nacional -- Los salmos graduales -- Los salmos de la realeza del Señor -- Los salmos de confianza y esperanza -- Los salmos del regreso.
653 ## - TÉRMINO DE INDIZACIÓN - NO CONTROLADO
Término no controlado Biblia A.T. - Salmos - Comentarios
653 ## - TÉRMINO DE INDIZACIÓN - NO CONTROLADO
Término no controlado Mesías
942 ## - TIPO DE MATERIAL (KOHA)
Tipo de Item KOHA Libros General
Existencias
Estado de Material Estado de Perdido Estado de Dañado No para Préstamo Colección Tomo Biblioteca de Origen Biblioteca Permanente Fecha de Adquisición Total de Préstamos Total de Renovaciones Signatura Topográfica Código de Barras Última vez visto Última vez Préstado Ejemplar/Existencia Fecha de Remplazo Tipo de Material
        Colección General   Biblioteca FUSBC Biblioteca FUSBC 15/09/2010 31 21 G 223.2 B6425b 17167 24/03/2026 10/03/2026 1 26/01/2016 Libros General

Biblioteca FUSBC | Teléfono: (57+4) 349 88 10 Ext. 141| WhatsApp (+57) 3005338115 
E-mail: biblioteca@unisbc.edu.co | Calle 76 87-14 Robledo Palenque, Medellín, Colombia

Con tecnología Koha